[Event "Bydgoszcz PGNiG Blitz"]
[Site "Bydgoszcz"]
[Date "2021.09.19"]
[Round "1"]
[White "Jakubowski, Krzysztof"]
[Black "Panek, Tadeusz"]
[Result "1-0"]
[WhiteElo "2459"]
[BlackElo "1514"]
[PlyCount "41"]
[EventDate "2021.09.19"]
[EventType "swiss (blitz)"]
[EventRounds "13"]
[EventCountry "POL"]
[SourceTitle "CBM 204 Extra"]
[Source "ChessBase"]
[SourceDate "2021.11.30"]
[SourceVersion "1"]
[SourceVersionDate "2021.11.30"]
[SourceQuality "1"]

1. Nf3 Nf6 2. c4 c6 3. Nc3 e6 4. e4 d5 5. e5 Nfd7 6. d4 Be7 7. a3 0-0 8. Be3 a6 9. c5 f5 10. Bd3 g5 11. g3 Kh8 12. h4 g4 13. Ng5 Bxg5 14. hxg5 Qe7 15. g6 h6 16. Rxh6+ Kg8 17. Kd2 Qg7 18. Qh1 b5 19. Qh5 Nf6 20. exf6 Qxf6 21. Rh1 1-0

[Event "Polanica Zdroj op-E 46th"]
[Site "Polanica Zdroj"]
[Date "2010.08.28"]
[Round "10"]
[White "Panek, Tadeusz"]
[Black "Zarow, Zdzislaw"]
[Result "1/2-1/2"]
[WhiteElo "1894"]
[BlackElo "2012"]
[PlyCount "40"]
[EventDate "2010.08.19"]
[EventType "swiss"]
[EventRounds "10"]
[EventCountry "POL"]
[SourceTitle "CBM 138 Extra"]
[Source "ChessBase"]
[SourceDate "2010.10.29"]
[SourceVersion "1"]
[SourceVersionDate "2010.10.29"]
[SourceQuality "1"]

1. Nf3 d5 2. g3 Nc6 3. Bg2 Nf6 4. 0-0 e5 5. d3 Be7 6. Nbd2 Be6 7. e4 d4 8. h4 Qd7 9. Nh2 h5 10. Ndf3 0-0 11. a3 Ng4 12. b4 Nxh2 13. Nxh2 Bh3 14. f4 Bxg2 15. Kxg2 exf4 16. Bxf4 Bd6 17. Qd2 Bxf4 18. Qxf4 f6 19. Qf5 Ne5 20. Qxd7 Nxd7 1/2-1/2

[Event "Polanica Zdroj op-E 46th"]
[Site "Polanica Zdroj"]
[Date "2010.08.24"]
[Round "6"]
[White "Panek, Tadeusz"]
[Black "Niezgoda, Boleslaw"]
[Result "1/2-1/2"]
[WhiteElo "1894"]
[BlackElo "1761"]
[PlyCount "59"]
[EventDate "2010.08.19"]
[EventType "swiss"]
[EventRounds "10"]
[EventCountry "POL"]
[SourceTitle "CBM 138 Extra"]
[Source "ChessBase"]
[SourceDate "2010.10.29"]
[SourceVersion "1"]
[SourceVersionDate "2010.10.29"]
[SourceQuality "1"]

1. Nf3 d5 2. g3 Nc6 3. Bg2 e5 4. d3 Bd6 5. 0-0 Nf6 6. Nbd2 0-0 7. e4 Bd7 8. exd5 Nb4 9. Ne4 Nfxd5 10. a3 Nc6 11. Nxd6 cxd6 12. Ng5 Nf6 13. Ne4 Nxe4 14. dxe4 Nd4 15. c3 Ne6 16. Be3 b6 17. Qd2 Nc5 18. Rad1 Nb7 19. Bg5 f6 20. Be3 Be6 21. f4 Bb3 22. Rc1 Nc5 23. c4 Ba4 24. Qd5+ Kh8 25. b4 Na6 26. Rf2 Nc7 27. Qd3 b5 28. Rd2 bxc4 29. Qxc4 Nb5 30. Qd3 1/2-1/2

[Event "Polanica Zdroj op-E 46th"]
[Site "Polanica Zdroj"]
[Date "2010.08.23"]
[Round "5"]
[White "Panek, Tadeusz"]
[Black "Jackowski, Ryszard"]
[Result "1/2-1/2"]
[WhiteElo "1894"]
[BlackElo "1837"]
[PlyCount "40"]
[EventDate "2010.08.19"]
[EventType "swiss"]
[EventRounds "10"]
[EventCountry "POL"]
[SourceTitle "CBM 138 Extra"]
[Source "ChessBase"]
[SourceDate "2010.10.29"]
[SourceVersion "1"]
[SourceVersionDate "2010.10.29"]
[SourceQuality "1"]

1. Nf3 Nf6 2. g3 g6 3. Bg2 Bg7 4. 0-0 0-0 5. d3 c6 6. e4 d6 7. Nbd2 e5 8. Qe2 Na6 9. c3 Nc7 10. h4 a6 11. Re1 Qe7 12. Nf1 h5 13. Ne3 Ng4 14. Nxg4 Bxg4 15. Be3 Ne6 16. Qd2 Bxf3 17. Bxf3 Rad8 18. Bg2 d5 19. exd5 cxd5 20. Bb6 Rd7 1/2-1/2

[Event "Ketrzyn op-A 11th"]
[Site "Ketrzyn"]
[Date "2008.12.29"]
[Round "6.10"]
[White "Panek, Tadeusz"]
[Black "Les, Czeslaw"]
[Result "1-0"]
[WhiteElo "1955"]
[BlackElo "1893"]
[PlyCount "71"]
[EventDate "2008.12.27"]
[EventType "swiss"]
[EventRounds "9"]
[EventCountry "POL"]
[SourceTitle "EXT 2023"]
[Source "ChessBase"]
[SourceDate "2022.10.05"]
[SourceVersion "1"]
[SourceVersionDate "2022.10.05"]
[SourceQuality "1"]

1. d4 d5 2. Nf3 Nf6 3. c4 e6 4. Nc3 c6 5. e3 Bd6 6. Bd3 Nbd7 7. 0-0 0-0 8. e4 dxe4 9. Nxe4 Nxe4 10. Bxe4 Nf6 11. Bc2 c5 12. Qd3 cxd4 13. Bg5 Re8 14. Nxd4 Bc5 15. Bxf6 Qxf6 16. Nb5 Rd8 17. Qxh7+ Kf8 18. Rad1 Rxd1 19. Rxd1 g6 20. Qh6+ Kg8 21. Qd2 Bd7 22. Nc3 Bc6 23. Be4 Bb6 24. Bxc6 bxc6 25. Qe2 Kg7 26. Ne4 Qf4 27. g3 Qe5 28. Nc3 Qf6 29. Kg2 Bd4 30. Ne4 Qe5 31. f4 Qa5 32. Rxd4 Qxa2 33. Rd2 Qb3 34. Nd6 Rf8 35. Qe5+ Kg8 36. Ne4 1-0

[Event "Poznan op-B 16th"]
[Site "Poznan"]
[Date "2007.07.26"]
[Round "6.34"]
[White "Piechota, Jozef"]
[Black "Panek, Tadeusz"]
[Result "0-1"]
[WhiteElo "1600"]
[BlackElo "1992"]
[PlyCount "102"]
[EventDate "2007.07.21"]
[EventType "swiss"]
[EventRounds "9"]
[EventCountry "POL"]
[SourceTitle "EXT 2023"]
[Source "ChessBase"]
[SourceDate "2022.10.05"]
[SourceVersion "1"]
[SourceVersionDate "2022.10.05"]
[SourceQuality "1"]

1. d4 Nf6 2. c4 g6 3. Nc3 Bg7 4. Bf4 d6 5. h3 0-0 6. Qb3 Nbd7 7. e3 c5 8. Rd1 Nh5 9. Bh2 b6 10. g4 Nhf6 11. Bg2 Rb8 12. Nb5 a6 13. Nc3 Bb7 14. d5 b5 15. Nf3 b4 16. Ne2 a5 17. Nh4 Nb6 18. Qd3 a4 19. 0-0 b3 20. axb3 axb3 21. Ra1 Nbd7 22. Nc3 Ne8 23. f4 Nc7 24. Rfe1 Nb6 25. f5 Ba6 26. Nb5 Bxb5 27. cxb5 c4 28. Qd2 Nxb5 29. fxg6 fxg6 30. Ra5 Nc7 31. Rea1 c3 32. bxc3 Nc4 33. Qd3 Nxa5 34. Rxa5 b2 35. Qb1 Bxc3 36. Ra3 Bg7 37. Be4 Rb4 38. Nxg6 hxg6 39. Bxg6 Rf6 40. Bh7+ Kh8 41. Bc2 Rh6 42. Kg2 Nxd5 43. e4 Nc3 44. Rxc3 Bxc3 45. Bf4 Rh7 46. Be3 Qf8 47. e5 Rf7 48. Bf5 Bxe5 49. Qd1 Rxf5 50. Qe1 b1Q 51. Qh4+ Kg8 0-1

[Event "Poznan op-B 16th"]
[Site "Poznan"]
[Date "2007.07.23"]
[Round "3.30"]
[White "Panek, Tadeusz"]
[Black "Walaszyk, Zbigniew"]
[Result "1-0"]
[WhiteElo "1992"]
[BlackElo "1600"]
[PlyCount "109"]
[EventDate "2007.07.21"]
[EventType "swiss"]
[EventRounds "9"]
[EventCountry "POL"]
[SourceTitle "EXT 2023"]
[Source "ChessBase"]
[SourceDate "2022.10.05"]
[SourceVersion "1"]
[SourceVersionDate "2022.10.05"]
[SourceQuality "1"]

1. d4 Nf6 2. c4 e6 3. Nc3 Bb4 4. Bd2 c5 5. e3 0-0 6. Nf3 b6 7. Be2 Bb7 8. 0-0 Bxc3 9. Bxc3 Qc7 10. h3 Ne4 11. d5 Nxc3 12. bxc3 d6 13. Qd2 Nd7 14. Rfd1 e5 15. e4 h6 16. a4 a5 17. Nh4 Qd8 18. Nf5 Qf6 19. Bg4 Bc8 20. Rdb1 Ra6 21. Rb2 Nb8 22. Rab1 Bxf5 23. Bxf5 Qd8 24. Bg4 Nd7 25. Bxd7 Qxd7 26. Rxb6 Rxb6 27. Rxb6 Rd8 28. Rb5 Qc7 29. Qe2 Rf8 30. Qg4 Kh7 31. Qf5+ Kg8 32. g4 Qd8 33. Kg2 g6 34. Qf3 f6 35. Qd1 Kg7 36. Rb7+ Rf7 37. Rxf7+ Kxf7 38. Qb3 Qc7 39. Qb5 Ke7 40. Kg3 g5 41. h4 Qd8 42. h5 Qc7 43. f3 Kd8 44. Kf2 Ke7 45. Ke2 Kd8 46. Kd2 Ke7 47. Kc2 Kd8 48. Qa6 Ke7 49. Qa8 Qd8 50. Qa7+ Ke8 51. Qg7 Qd7 52. Qh8+ Ke7 53. Kb3 Qe8 54. Qxh6 Qf7 55. Qxf6+ 1-0

[Event "Gdansk-chA 7th"]
[Site "Gdansk"]
[Date "2005.11.05"]
[Round "2"]
[White "Panek, Tadeusz"]
[Black "Walczak, Krystian"]
[Result "1/2-1/2"]
[WhiteElo "2094"]
[BlackElo "1950"]
[PlyCount "48"]
[EventDate "2005.11.05"]
[EventType "swiss"]
[EventRounds "9"]
[EventCountry "POL"]
[SourceTitle "EXT 2008"]
[Source "ChessBase"]
[SourceDate "2007.11.25"]
[SourceVersion "1"]
[SourceVersionDate "2007.11.25"]
[SourceQuality "1"]

1. Nf3 g6 2. c4 Nf6 3. Nc3 d5 4. cxd5 Nxd5 5. g3 Bg7 6. Bg2 Nc6 7. 0-0 0-0 8. Qb3 Nb6 9. d3 e5 10. Bg5 Nd4 11. Nxd4 Qxg5 12. Ndb5 Qe7 13. a4 c6 14. a5 Be6 15. Qc2 Nd5 16. Nxd5 cxd5 17. Qb3 a6 18. Nc3 d4 19. Nd5 Qd6 20. Qb6 Qd7 21. Nc7 Rab8 22. Nxe6 Qxe6 23. Qxe6 fxe6 24. Rac1 b6 1/2-1/2

[Event "POL-chT 2nd div North"]
[Site "Lublin"]
[Date "1999.??.??"]
[Round "2"]
[White "Madynski, Pawel"]
[Black "Panek, Tadeusz"]
[Result "1-0"]
[WhiteElo "2190"]
[BlackElo "2010"]
[PlyCount "61"]
[EventDate "1999.09.11"]
[EventType "team-swiss"]
[EventRounds "8"]
[EventCountry "POL"]
[SourceTitle "EXT 2003"]
[Source "ChessBase"]
[SourceDate "2002.11.25"]
[SourceVersion "1"]
[SourceVersionDate "2002.11.25"]
[SourceQuality "1"]
[WhiteTeam "Podlaskie Tow Szachowe"]
[BlackTeam "POL-chT 2nd div North 3"]
[WhiteTeamCountry "POL"]
[BlackTeamCountry "POL"]

1. e4 c5 2. Nf3 d6 3. d4 cxd4 4. Nxd4 Nf6 5. Nc3 a6 6. f4 e6 7. Be2 Qc7 8. 0-0 b5 9. a3 Bb7 10. Bf3 Nbd7 11. Qe2 Be7 12. Kh1 Rc8 13. Be3 Nb6 14. Rae1 0-0 15. Qf2 Nc4 16. Bc1 Nxa3 17. e5 Ne8 18. bxa3 Bxf3 19. Ncxb5 Bxg2+ 20. Qxg2 axb5 21. exd6 Nxd6 22. Bb2 g6 23. Qe2 Qb7+ 24. Rf3 Nc4 25. Ba1 Bd6 26. Kg1 Bxa3 27. Rxa3 Nxa3 28. Qe5 Qc7 29. Qg7+ Kxg7 30. Nf5+ Kg8 31. Nh6# 1-0